Barbour index building product compendium '06 (Record no. 105450)
[ view plain ]
| 000 -LEADER | |
|---|---|
| fixed length control field | 01124cam a2200265 4500 |
| 001 - CONTROL NUMBER | |
| control field | ##L133685 |
| 008 - FIXED-LENGTH DATA ELEMENTS--GENERAL INFORMATION | |
| fixed length control field | 060601n2006 000 0 eng u |
| 020 ## - INTERNATIONAL STANDARD BOOK NUMBER | |
| International Standard Book Number | 0863825826 |
| 022 0# - INTERNATIONAL STANDARD SERIAL NUMBER | |
| International Standard Serial Number | 1750-323X |
| 035 ## - SYSTEM CONTROL NUMBER | |
| System control number | (Sirsi) u133685 |
| 041 0# - LANGUAGE CODE | |
| Language code of text/sound track or separate title | eng |
| 050 04 - LIBRARY OF CONGRESS CALL NUMBER | |
| Classification number | 690.029 $2 18 |
| 110 2# - MAIN ENTRY--CORPORATE NAME | |
| Corporate name or jurisdiction name as entry element | Barbour Index |
| 9 (RLIN) | 2548 |
| 245 00 - TITLE STATEMENT | |
| Title | Barbour index building product compendium '06 |
| 250 ## - EDITION STATEMENT | |
| Edition statement | 30th ed. |
| 260 ## - PUBLICATION, DISTRIBUTION, ETC. | |
| Place of publication, distribution, etc. | Ascot |
| Name of publisher, distributor, etc. | CMP |
| Date of publication, distribution, etc. | 2006 |
| 300 ## - PHYSICAL DESCRIPTION | |
| Extent | v, 1004p. |
| Other physical details | ill. |
| Dimensions | 26cm. |
| 350 ## - PRICE (NR) (BK AM CF MU VM SE) [OBSOLETE] | |
| Price | 115.00 |
| 520 ## - SUMMARY, ETC. | |
| Summary, etc. | Directory of building product information that contains full colour entries on around 1400 product ranges and over 7000 suppliers. Includes a list of useful addresses and a company and trade name directory. The Barbour Compendium is also available online at www.barbour compendium.co.uk, where you can also register for a free copy of the printed compendium. |
| 590 ## - LOCAL NOTE (RLIN) | |
| Local note | IKA190906 |
| 651 #4 - SUBJECT ADDED ENTRY--GEOGRAPHIC NAME | |
| Geographic name | United Kingdom |
| Chronological subdivision | |
| 690 ## - LOCAL SUBJECT ADDED ENTRY--TOPICAL TERM (OCLC, RLIN) | |
| Topical term or geographic name as entry element | BUILT ENVIRONMENT-BUILDING ELEMENTS |
| 856 ## - ELECTRONIC LOCATION AND ACCESS | |
| Uniform Resource Identifier | <a href="https://www.barbourcompendium.co.uk/">https://www.barbourcompendium.co.uk/</a> |
| Public note | View building product information free of charge at www.barbourcompendium.co.uk |
| 942 ## - ADDED ENTRY ELEMENTS (KOHA) | |
| Suppress in OPAC | 0 |
| Withdrawn status | Lost status | Source of classification or shelving scheme | Damaged status | Not for loan | Home library | Current library | Shelving location | Date acquired | Total Checkouts | Full call number | Barcode | Date last seen | Copy number | Price effective from | Koha item type |
|---|---|---|---|---|---|---|---|---|---|---|---|---|---|---|---|
| Dewey Decimal Classification | London | London | Enquiry desk | 05/09/2006 | 690.029 BAR | 30073009 | 06/08/2019 | 1 | 06/08/2019 | Reference material |